000 00656nas a2200253 4500
001 BR9200272
003 BR-BrBNA
005 20231205092233.0
007 ta
008 230509b bl.|||p| |||| 00| 00por d
040 _aBR-BrBNA
_bpor
_cBiblioteca Nacional de Agricultura
041 _a(Pt)
072 _aF01
100 1 _aAnon.
245 1 _aPonha uma estufa na sua horta
650 _aHORTALICA
650 _aESTUFA
650 _aCAPA PLASTICA
650 _aPRODUCAO
650 _aENTRESSAFRA
773 0 _tGuia Rural (Brazil)
_x
_g(Jul 1990), v. 4(7) p. 60-61
_wBR9200272
909 _a202311
_bLúcia
_c55
_dLúcia Elande
942 _2AGRIS
_n0
_cANA
999 _c130300
_d130300